000 01533nam a2200313 i 4500
001 8340
003 ES-MaACL
005 20250808063450.0
007 t|
008 920505r19911845sp ||||1| spa d
020 _a84-86770-38-6
080 _a91(466.2)(038)
080 _a9(466.2)(038)
100 1 _aMadoz, Pascual,
_d1806-1870
_975334
245 1 0 _aDiccionario geográfico-estadístico-histórico. Guipúzcoa
_b: = Hiztegi geografiko-estatistiko-historikoa. Gipuzkoa /
_cPascual Madoz ; sarrera-azterlana = estudio introductorio, Luis Castells Arteche ; [editor de la obra, Domingo Sánchez Zurro].
250 _a[Edición facsímil = Faksimil edizioa].
260 _aValladolid :
_bAmbito ;
_a[S.l.] :
_bGuipuzkoako Batzarre Nagusiak = Juntas Generales de Guipuzkoa,
_c1991.
300 _aXXVII, 262 p. :
_bil. ;
_c27 cm.
500 _aReprod. parcial del Diccionario geográfico-estadístico-histórico de España y sus posesiones de ultramar por Pascual Madoz. Madrid, 1845-1850.
501 _aCon: Atlas de España y sus posesiones de ultramar. Guipúzcoa / Francisco Coello, 1848-1870.
651 4 _aGuipúzcoa-
_xDescripción-
_vDiccionarios.
_98812
651 4 _aGuipúzcoa-
_xHistoria-
_vDiccionarios.
_98814
700 1 _aCastells Arteche, Luis.
_936594
700 1 _aCoello, Francisco,
_d1822-1898
_939459
700 1 _aSánchez Zurro, Domingo J.
_9102999
740 0 2 _aAtlas de España y sus posesiones de ultramar. Guipúzcoa.
852 _aES-MaACL
_jL-15662
_bR.120146
999 _c8340
_d8340